000 00496nam a2200121Ia 4500
008 220620s9999||||xx |||||||||||||| ||und||
100 _aKandeepan, Sithamparanathan||Piesiewicz, Radoslaw||Baldini, Gianmarco
245 0 _aChapter UWB Cognitive Radios
546 _aEnglish[eng]
650 _aEconomics, finance, business & management
856 _uhttps://library.oapen.org/bitstream/20.500.12657/48977/1/17464.pdf||https://library.oapen.org/bitstream/20.500.12657/48977/1/17464.pdf
942 _cEB
999 _c28119
_d28119